| 000 | 00867na a2200289 4500 | ||
|---|---|---|---|
| 001 | 12715 | ||
| 003 | MIRAKIL | ||
| 005 | 20181213155020.0 | ||
| 008 | 160922b tu 000 0 | ||
| 020 | _a9751933935 | ||
| 035 | _a12715 | ||
| 040 |
_aMilas _btur _cTR-AnCHP |
||
| 082 |
_a297.63 _bS26h 2005 |
||
| 090 | _a297.63 S26h 2005 | ||
| 100 | _aSarıçam, İbrahim | ||
| 245 |
_aHz. Muhammed ve evrensel mesajı _cİbrahim Sarıçam |
||
| 250 | _a4. bs. | ||
| 260 |
_aAnkara _bDiyanet İşleri Başkanlığı _c2005 |
||
| 300 |
_a437 s. _bres. ; hrt. _c24 sm. |
||
| 490 |
_aİlmî eserler _v92 |
||
| 490 |
_aDiyanet İşleri Başkanlığı yayınları _v581 |
||
| 504 | _aKaynakça ve dizin var. | ||
| 650 |
_aHz. Muhammed _xÖğretiler |
||
| 650 |
_aPeygamberler _xÖğretiler |
||
| 650 |
_aHz. Muhammed , 571-632 _xYaşamöyküsü |
||
| 942 |
_2ddc _cBKS |
||
| 999 |
_c4853 _d4853 |
||